| Tag |
First Indicator |
Second Indicator |
Subfields |
| LEADER |
00000cam a2200000 a 4500 |
| 001 |
in00002653921 |
| 005 |
20220106090800.0 |
| 006 |
m d f |
| 007 |
cr bn||||||||| |
| 008 |
100913s2010 dcu ob f000 0 eng c |
| 035 |
|
|
|a (OCoLC)ocn663885974
|
| 040 |
|
|
|a GPO
|c GPO
|d GPO
|d MvI
|d UtOrBLW
|
| 042 |
|
|
|a pcc
|
| 043 |
|
|
|a n-us---
|
| 049 |
|
|
|a WWW
|
| 050 |
1 |
4 |
|a KF31
|b .J8 2010f
|
| 074 |
|
|
|a 1008-G (online)
|
| 086 |
0 |
|
|a Y 1.1/5:111-280
|
| 110 |
1 |
|
|a United States.
|b Congress.
|b Senate.
|b Committee on the Judiciary.
|
| 245 |
1 |
0 |
|a Juvenile Justice and Delinquency Prevention Reauthorization Act of 2009 :
|b report together with minority views (to accompany S. 678) (including cost estimate of the Congressional Budget Office).
|
| 264 |
|
1 |
|a [Washington, D.C.] :
|b [U.S. G.P.O.],
|c [2010]
|
| 300 |
|
|
|a 1 online resource (95 pages).
|
| 336 |
|
|
|a text
|b txt
|2 rdacontent
|
| 337 |
|
|
|a computer
|b c
|2 rdamedia
|
| 338 |
|
|
|a online resource
|b cr
|2 rdacarrier
|
| 490 |
1 |
|
|a Report / 111th Congress, 2d session, Senate ;
|v 111-280
|
| 500 |
|
|
|a Title from title screen (viewed on Sept. 13, 2010).
|
| 500 |
|
|
|a "August 5, 2010."
|
| 504 |
|
|
|a Includes bibliographical references.
|
| 500 |
|
|
|a Electronic resource.
|
| 650 |
|
0 |
|a Juvenile justice, Administration of
|z United States.
|
| 650 |
|
0 |
|a Juvenile delinquency
|z United States
|x Prevention.
|
| 650 |
|
0 |
|a Juvenile delinquents
|x Rehabilitation
|z United States.
|
| 650 |
|
0 |
|a Juvenile detention
|x Government policy
|z United States.
|
| 650 |
|
0 |
|a Violence in adolescence
|z United States
|x Prevention.
|
| 776 |
0 |
8 |
|i Print version:
|a United States. Congress. Senate. Committee on the Judiciary.
|t Juvenile Justice and Delinquency Prevention Reauthorization Act of 2009
|h 95 p.
|w (OCoLC)663886017
|
| 776 |
0 |
8 |
|i Microfiche:
|a United States. Congress. Senate. Committee on the Judiciary.
|t Juvenile Justice and Delinquency Prevention Reauthorization Act of 2009
|h 95 p.
|w (OCoLC)692748820
|
| 810 |
1 |
|
|a United States.
|b Congress.
|b Senate.
|t Report ;
|v 111-280.
|
| 856 |
4 |
0 |
|3 Text version:
|u https://purl.fdlp.gov/GPO/LPS126119
|t 0
|
| 856 |
4 |
0 |
|3 PDF version:
|u https://purl.fdlp.gov/GPO/LPS126120
|t 0
|
| 999 |
|
|
|a MARS
|
| 999 |
f |
f |
|s bd32f950-74f5-33b5-a7e8-53d54ee03091
|i 7c464159-9f23-3849-8333-5ee1cd29d72a
|t 0
|
| 952 |
f |
f |
|a Texas A&M University
|b College Station
|c Electronic Resources
|d Available Online
|t 0
|e Y 1.1/5:111-280
|h Superintendent of Documents classification
|
| 998 |
f |
f |
|a Y 1.1/5:111-280
|t 0
|l Available Online
|